00511nam a2200133Ia 4500008004100000100001800041245009800059245006500157260005300222260001800275300000800293650001500301856006100316170221s9999 xx 000 0 und d aFilzah Md Isa aPostgraduate Students’ Recruitment Strategies in Higher Education Institutions of Malaysia  cFilzah Md Isa, Siti Norezam Othman, Nik Maheran Nik Muhammad bInternational Review of Management and Marketing cDecember 2013 a5:2 xMarketing. uhttp://www.econjournals.com/index.php/irmm/issue/view/97